Biểu hiện căng thẳng và trường độ căng thẳng của học sinh trung học phổ thông /
Enregistré dans:
| Auteur principal: | |
|---|---|
| Format: | Article |
| Langue: | Vietnamese |
| Sujets: | |
| Tags: |
Ajouter un tag
Pas de tags, Soyez le premier à ajouter un tag!
|
| Thư viện lưu trữ: | Thư viện Trường Đại học Đà Lạt |
|---|
| LEADER | 00872nam a2200289 4500 | ||
|---|---|---|---|
| 001 | DLU140161780 | ||
| 005 | ##20140523 | ||
| 040 | # | # | |a DLU |b vie |
| 041 | # | # | |a vie |
| 044 | # | # | |a vn |
| 100 | # | # | |a Đổ Thị Lệ Hằng, |c ThS. |
| 245 | # | # | |a Biểu hiện căng thẳng và trường độ căng thẳng của học sinh trung học phổ thông / |c Đổ Thị Lệ Hằng. |
| 653 | # | # | |a Căng thẳng |
| 653 | # | # | |a Cảm xúc |
| 653 | # | # | |a Hành vi |
| 653 | # | # | |a Nhận thức |
| 653 | # | # | |a Trường độ căng thẳng |
| 773 | # | # | |t Tâm lý học |g Số 7(172), 2013, tr42-52. |
| 920 | # | # | |a Phòng Tạp chí -- Trung tâm Thông tin - Thư viện Trường Đại học Đà Lạt |
| 994 | # | # | |a DLU |
| 900 | # | # | |a True |
| 911 | # | # | |a Trương Thị Mỹ Lệ |
| 925 | # | # | |a G |
| 926 | # | # | |a A |
| 927 | # | # | |a BB |
| 980 | # | # | |a Thư viện Trường Đại học Đà Lạt |